000 01151nam a22002537a 4500
005 20170124103105.0
010 _aB-137972
020 _c95.00
_a8181432622
035 _aB-137972
037 _bCen Lib/Ret
040 _aDPL
_bHN
082 _a821.08
_bधर्मवी
100 _aधर्मवीर
_978051
245 _aअशोक बनाम वाजपेयी, अशोक वाजपेयी /
_cधर्मवीर
246 _aAśoka banāma Vājapeyī, Aśoka Vājapeyī /
_bby Dharamveer
260 _aनयी दिल्ली
_bवाणी प्रकाशन
_c2004
270 _a21-ए दरियागंज
_bनयी दिल्ली
_e110002
300 _a65पृ.
_c21सेमी (सजिल्द)
650 _aवाजपेयी, अशोक, --1941 --आलोचना और व्याख्या
_978052
650 _aवाजपेयी, अशोक, --1941
_978053
650 _aVājapeyī, Aśoka, -- 1941- -- Criticism and interpretation.
_978054
650 _aVājapeyī, Aśoka, -- 1941
_978055
942 _2ddc
_cHN
_h821.08
_mधर्मवी
999 _c118035
_d118035